000 00870nam a22002777a 4500
001 9281
003 FISKH
005 20251209092042.0
008 251209b cb ||||| |||| 00| 0 eng d
020 _a1405402261
040 _aFISKH
_beng
_cFISKH
_dFISKH
050 _aPZ7
082 _a821.91
100 _aAnonymous
_eAuthor
245 _aHickory, dickory, dock and other rhymes :
_bMy nursery rhymes /
260 _aBath :
_bParragon ,
_c2000
300 _a24 pages :
_bcolor illustrations ;
_c21 cm
505 _aG
520 _aAn enjoyable assortment of well loved nursery rhymes brought to life with enchanting illustrations. Look out for the other titles in the series.
521 8 _a350
_bLexile estimate
521 8 _aG
_bRaz-Plus
650 _aPoetry
_vRhymes
650 _aFairy tales
_vLanguage arts
942 _2ddc
_cBK
_n0
999 _c9281
_d9281